| 000 -LEADER |
| fixed length control field |
01421cam a2200349 i 4500 |
| 001 - CONTROL NUMBER |
| control field |
(Sirsi) a977312 |
| 003 - CONTROL NUMBER IDENTIFIER |
| control field |
OSt |
| 005 - DATE AND TIME OF LATEST TRANSACTION |
| control field |
20260127105036.0 |
| 008 - FIXED-LENGTH DATA ELEMENTS--GENERAL INFORMATION |
| fixed length control field |
170325t20162016enka c 000 f eng d |
| 020 ## - INTERNATIONAL STANDARD BOOK NUMBER |
| International Standard Book Number |
9781405276184 |
| Qualifying information |
(paperback) |
| 040 ## - CATALOGING SOURCE |
| Original cataloging agency |
AU@ |
| Language of cataloging |
eng |
| Transcribing agency |
AU@ |
| Modifying agency |
OCLCO |
| -- |
OCLCF |
| -- |
OCLCO |
| -- |
VP@ |
| -- |
TAE |
| -- |
KH8 |
| Description conventions |
rda |
| 042 ## - AUTHENTICATION CODE |
| Authentication code |
nbic |
| 082 ## - DEWEY DECIMAL CLASSIFICATION NUMBER |
| Classification number |
FIC WOO |
| 100 1# - MAIN ENTRY--PERSONAL NAME |
| Personal name |
Woodfine, Katherine, |
| Relator term |
author. |
| 245 14 - TITLE STATEMENT |
| Title |
The jewelled moth / |
| Statement of responsibility, etc. |
Katherine Woodfine. |
| 264 #1 - PRODUCTION, PUBLICATION, DISTRIBUTION, MANUFACTURE, AND COPYRIGHT NOTICE |
| Place of production, publication, distribution, manufacture |
London |
| Name of producer, publisher, distributor, manufacturer |
Egmont, |
| Date of production, publication, distribution, manufacture, or copyright notice |
2016. |
| 264 #4 - PRODUCTION, PUBLICATION, DISTRIBUTION, MANUFACTURE, AND COPYRIGHT NOTICE |
| Date of production, publication, distribution, manufacture, or copyright notice |
©2016. |
| 300 ## - PHYSICAL DESCRIPTION |
| Extent |
334 pages : |
| Other physical details |
illustrations ; |
| Dimensions |
20 cm. |
| 336 ## - CONTENT TYPE |
| Content type term |
text |
| Content type code |
txt |
| Source |
rdacontent. |
| 336 ## - CONTENT TYPE |
| Content type term |
still image |
| Content type code |
sti |
| Source |
rdacontent. |
| 337 ## - MEDIA TYPE |
| Media type term |
unmediated |
| Media type code |
n |
| Source |
rdamedia. |
| 338 ## - CARRIER TYPE |
| Carrier type term |
volume |
| Carrier type code |
nc |
| Source |
rdacarrier. |
| 490 ## - SERIES STATEMENT |
| Series statement |
The Sinclair's Mysteries |
| Volume/sequential designation |
book 2 |
| 520 ## - SUMMARY, ETC. |
| Summary, etc. |
Our heroines, Sophie and Lil, don cunning disguises, mingle in high society and munch many cucumber sandwiches to solve this curious case. Applaud their bravery as they follow a trail of terrible secrets that leads straight to London's most dangerous criminal mastermind, and put their own lives at risk. It will be the most thrilling event of the season. |
| 521 1# - TARGET AUDIENCE NOTE |
| Target audience note |
Ages 9-12. |
| 650 #0 - SUBJECT ADDED ENTRY--TOPICAL TERM |
| Topical term or geographic name entry element |
Theft |
| Form subdivision |
Juvenile fiction. |
| 650 #0 - SUBJECT ADDED ENTRY--TOPICAL TERM |
| Topical term or geographic name entry element |
Women detectives |
| Form subdivision |
Juvenile fiction. |
| 650 #0 - SUBJECT ADDED ENTRY--TOPICAL TERM |
| Topical term or geographic name entry element |
Upper class |
| Form subdivision |
Juvenile fiction. |
| 700 ## - ADDED ENTRY--PERSONAL NAME |
| Personal name |
Sarda, Julia, |
| Relator term |
illustrator. |
| 830 ## - SERIES ADDED ENTRY--UNIFORM TITLE |
| Uniform title |
The Sinclair's Mysteries |
| 942 ## - ADDED ENTRY ELEMENTS (KOHA) |
| Source of classification or shelving scheme |
|
| Koha item type |
Books - Fiction |